Los trabajadores frente al sector financiero / (Registro nro. 12043)
[ vista simple ]
| 000 -LEADER | |
|---|---|
| fixed length control field | 02598nam a2200229Ia 4500 |
| 003 - CONTROL NUMBER IDENTIFIER | |
| control field | OSt |
| 005 - DATE AND TIME OF LATEST TRANSACTION | |
| control field | 20210730143455.0 |
| 008 - FIXED-LENGTH DATA ELEMENTS--GENERAL INFORMATION | |
| fixed length control field | 210310s1998 ck ad gr 000 0 spa d |
| 040 ## - CATALOGING SOURCE | |
| Original cataloging agency | CO-JMCR |
| Transcribing agency | CO-JMCR |
| 041 0# - LANGUAGE CODE | |
| Language code of text/sound track or separate title | spa |
| 082 04 - DEWEY DECIMAL CLASSIFICATION NUMBER | |
| Classification number | 336.861 / |
| Item number | U581t |
| Edition number | 23 |
| 110 2# - MAIN ENTRY--CORPORATE NAME | |
| Corporate name or jurisdiction name as entry element | Unión Nacional de Empresarios Bancarios |
| 9 (RLIN) | 38931 |
| 245 14 - TITLE STATEMENT | |
| Title | Los trabajadores frente al sector financiero / |
| Statement of responsibility, etc. | Unión Nacional de Empleados Bancarios (Colombia) |
| 260 ## - PUBLICATION, DISTRIBUTION, ETC. | |
| Place of publication, distribution, etc. | Bogotá : |
| Name of publisher, distributor, etc. | Unión Nacional de Empleados Bancarios, |
| Date of publication, distribution, etc. | 1998. |
| 300 ## - PHYSICAL DESCRIPTION | |
| Extent | 216 páginas : |
| Other physical details | ilustraciones y gráficos en blanco y negro ; |
| Dimensions | 24 cm. |
| 505 ## - FORMATTED CONTENTS NOTE | |
| Formatted contents note | El desempleó y la pobreza en américa Latina: dos caras de la misma moneda. -- El desempleo colombiano. -- Crisis fiscal, política presupuestal y plan de desarrollo. -- Desindustrialización y desagrarización. -- Productividad eficiencia y competitividad en el sistema financiero. -- Reforma financiera que requiere Colombia . |
| 520 0# - SUMMARY, ETC. | |
| Summary, etc. | Reconocemos que la ideología dominante del modelo capitalista de acumulación extendida por todos los rincones del planeta, rinde culto a la globalización excluyente. Este fenómeno no es una simple palabra de moda. Aunque los propagandistas del Capital la pretendan presentar como inevitable y sinónimo de acceso libre e igualitario al mercado, lo cierto es que oculta y muestra al mismo tiempo las transformaciones radicales por las que viene atravesando la economía mundial desde los años setentas, resultado de la conjunción de poderosas fuerzas, a saber: Ante todo, la derrota política que significó el colapso del campo socialista, que dejó el espacio libre al capital para arrasar con las conquistas sociales y políticas de los trabajadores y los movimientos populares, mediante la llamada tercera revolución tecnológica; la consolidación de las empresas transnacionales mediante su dominio económico, tecnológico y político; la formación de áreas de libre comercio y bloques económicos integrados, etc. El sustrato de estos procesos ha sido la creciente vinculación e interdependencia de los mercados financieros a escala planetaria y la subordinación de toda la economía productiva a la economía virtual y dineraria; esto ha sido posible por el enorme proceso de concentración monopólica, que dota a las transnacionales y a los fondos de inversión de una capacidad para recoger dineros del público y emitir toda clase de títulos y papeles sin respaldo real. |
| 650 14 - SUBJECT ADDED ENTRY--TOPICAL TERM | |
| Topical term or geographic name entry element | Productividad financiera |
| 9 (RLIN) | 38932 |
| 650 24 - SUBJECT ADDED ENTRY--TOPICAL TERM | |
| Topical term or geographic name entry element | Crisis fiscal |
| 9 (RLIN) | 38933 |
| 650 24 - SUBJECT ADDED ENTRY--TOPICAL TERM | |
| Topical term or geographic name entry element | Política presupuestal |
| 9 (RLIN) | 38934 |
| 942 ## - ADDED ENTRY ELEMENTS (KOHA) | |
| Source of classification or shelving scheme | Dewey Decimal Classification |
| Koha item type | Books |
| Withdrawn status | Lost status | Source of classification or shelving scheme | Damaged status | Not for loan | Home library | Current library | Shelving location | Date acquired | Source of acquisition | Full call number | Barcode | Date last seen | Copy number | Price effective from | Koha item type |
|---|---|---|---|---|---|---|---|---|---|---|---|---|---|---|---|
| Dewey Decimal Classification | Biblioteca Pública José María del Castillo y Rada | Biblioteca Pública José María del Castillo y Rada | General Stacks | 04/15/2018 | Donación | 336.861 / U581t | 430002372 | 05/16/2024 | Ej.1 | 03/10/2021 | Books |